000 00595nam a2200181Ia 4500
008 090123s9999 xx 000 0 und d
082 _b14150
_a891.463/पाध्ये
100 _aपाध्ये भाऊ
245 _aवार्ड नं.7 सर्जिकल
250 _a1
260 _bडिंपल प्रकाशन
300 _a142
600 _aपाध्ये भाऊ
630 _aवार्ड नं.7 सर्जिकल
700 _aपाध्ये भाऊ
730 _aवार्ड नं.7 सर्जिकल
942 _cBOOK
999 _c52212
_d52212